| 000 | 00555nam a22001697a 4500 | ||
|---|---|---|---|
| 005 | 20260509164944.0 | ||
| 008 | 260509b |||||||| |||| 00| 0 eng d | ||
| 020 | _a9789364408868 | ||
| 040 |
_aSGVU Library _cSGVU Library |
||
| 082 |
_222 _a651.7 _bKUV C |
||
| 100 |
_aKumar Varinder and Raj Bodh _940335 |
||
| 245 |
_aCommunication Skills ( For Students of B.Sc. Agriculture ) _hEnglish |
||
| 260 |
_aNew Delhi, India _bKalyani Publishers _c2025 |
||
| 300 |
_a20.10p _bPB |
||
| 650 |
_aAgriculture _yG4779 _940336 |
||
| 942 |
_2ddc _cBOOKS _k651.7 KUV C |
||
| 999 |
_c90299 _d90299 |
||